000052096 001__ 52096
000052096 005__ 20240207151343.0
000052096 037__ $$aGSI-SR2012-PHN-ENNA-EXP-63
000052096 041__ $$aEnglish
000052096 0881_ $$aGSI Report 2013-1
000052096 088__ $$2GSI$$aGSI Report 2013-1
000052096 1001_ $$0P:(DE-HGF)0$$aMachado, J.$$b0
000052096 245__ $$aTesting Multigap Resistive Plate Chambers (MRPCs) with Relativistic Neutrons at Experiment S406
000052096 260__ $$aDarmstadt$$bGSI Helmholtzzentrum für Schwerionenforschung$$c2013
000052096 29510 $$aScientific Report 2012
000052096 300__ $$a195- p.
000052096 3367_ $$0PUB:(DE-HGF)7$$2PUB:(DE-HGF)$$aContribution to a book$$bcontb$$mcontb$$s1369812758_7593
000052096 3367_ $$2DRIVER$$abookPart
000052096 3367_ $$2BibTeX$$aINBOOK
000052096 3367_ $$07$$2EndNote$$aBook Section
000052096 3367_ $$0PUB:(DE-HGF)15$$2PUB:(DE-HGF)$$aInternal Report$$mintrep
000052096 4900_ $$aGSI Report$$v2013-1$$x0171-4546
000052096 4900_ $$aGSI Scientific Report$$v2012$$x0174-0814
000052096 500__ $$aExperiment : S406
000052096 536__ $$0G:(DE-HGF)POF2-533$$a533 - Exotic Nuclei and Nuclear Astrophysics (ENNA) (POF2-533)$$cPOF2-533$$fPOF II$$x0
000052096 536__ $$0G:(DE-Ds200)EXP:GSI-EXP-S406-ohneJahr$$aGSI-EXP-S406-ohneJahr - Characteriyation of NeuLAND prototypes and the LAND detector using fast monoenergetic neutrons (EXP:GSI-EXP-S406-ohneJahr)$$cEXP:GSI-EXP-S406-ohneJahr$$x1
000052096 536__ $$0G:(EU-Grant)262010$$aENSAR - European Nuclear Science and Applications Research (262010)$$c262010$$fFP7-INFRASTRUCTURES-2010-1$$x2
000052096 7001_ $$0P:(DE-Ds200)OR0005$$aAdamczewski-Musch, J.$$b1
000052096 7001_ $$0P:(DE-HGF)0$$aBlanco, A.$$b2
000052096 7001_ $$0P:(DE-Ds200)OR0138$$aBoretzky, K.$$b3
000052096 7001_ $$0P:(DE-HGF)0$$aCartegni, L.$$b4
000052096 7001_ $$0P:(DE-HGF)0$$aFerreira Marques, R.$$b5
000052096 7001_ $$0P:(DE-HGF)0$$aFonte, P.$$b6
000052096 7001_ $$0P:(DE-Ds200)OR1837$$aFrühauf, Jochen$$b7
000052096 7001_ $$0P:(DE-HGF)0$$aGalaviz, D.$$b8
000052096 7001_ $$0P:(DE-Ds200)OR1838$$aHeil, M.$$b9
000052096 7001_ $$0P:(DE-HGF)0$$aHenriques, A.$$b10
000052096 7001_ $$0P:(DE-Ds200)OR0510$$aIckert, G.$$b11
000052096 7001_ $$0P:(DE-Ds200)OR3400$$aKörper, Daniel$$b12
000052096 7001_ $$0P:(DE-HGF)0$$aLopes, L.$$b13
000052096 7001_ $$0P:(DE-HGF)0$$aPalka, M.$$b14
000052096 7001_ $$0P:(DE-HGF)0$$aPereira, A.$$b15
000052096 7001_ $$0P:(DE-Ds200)OR1709$$aRossi, D.$$b16
000052096 7001_ $$0P:(DE-Ds200)OR1205$$aSimon, H.$$b17
000052096 7001_ $$0P:(DE-HGF)0$$aTeubig, P.$$b18
000052096 7001_ $$0P:(DE-Ds200)OR1304$$aTraxler, M.$$b19
000052096 7001_ $$0P:(DE-HGF)0$$aVelho, P.$$b20
000052096 8564_ $$ySR2012-PHN-ENNA-EXP-63
000052096 8564_ $$uhttps://repository.gsi.de/record/52096/files/PHN-ENNA-EXP-63.pdf$$yOpenAccess
000052096 909CO $$ooai:repository.gsi.de:52096$$pdnbdelivery$$pec_fundedresources$$pVDB$$pdriver$$popen_access$$popenaire
000052096 915__ $$0StatID:(DE-HGF)0510$$2StatID$$aOpenAccess
000052096 9141_ $$y2013
000052096 9101_ $$0I:(DE-Ds200)20121206GSI$$6P:(DE-Ds200)OR0005$$aGSI Helmholtzzentrum für Schwerionenforschung GmbH$$b1$$kGSI
000052096 9101_ $$0I:(DE-Ds200)20121206GSI$$6P:(DE-Ds200)OR0138$$aGSI Helmholtzzentrum für Schwerionenforschung GmbH$$b3$$kGSI
000052096 9101_ $$0I:(DE-Ds200)20121206GSI$$6P:(DE-Ds200)OR1837$$aGSI Helmholtzzentrum für Schwerionenforschung GmbH$$b7$$kGSI
000052096 9101_ $$0I:(DE-Ds200)20121206GSI$$6P:(DE-Ds200)OR1838$$aGSI Helmholtzzentrum für Schwerionenforschung GmbH$$b9$$kGSI
000052096 9101_ $$0I:(DE-Ds200)20121206GSI$$6P:(DE-Ds200)OR0510$$aGSI Helmholtzzentrum für Schwerionenforschung GmbH$$b11$$kGSI
000052096 9101_ $$0I:(DE-Ds200)20121206GSI$$6P:(DE-Ds200)OR3400$$aGSI Helmholtzzentrum für Schwerionenforschung GmbH$$b12$$kGSI
000052096 9101_ $$0I:(DE-Ds200)20121206GSI$$6P:(DE-Ds200)OR1709$$aGSI Helmholtzzentrum für Schwerionenforschung GmbH$$b16$$kGSI
000052096 9101_ $$0I:(DE-Ds200)20121206GSI$$6P:(DE-Ds200)OR1205$$aGSI Helmholtzzentrum für Schwerionenforschung GmbH$$b17$$kGSI
000052096 9101_ $$0I:(DE-Ds200)20121206GSI$$6P:(DE-Ds200)OR1304$$aGSI Helmholtzzentrum für Schwerionenforschung GmbH$$b19$$kGSI
000052096 9131_ $$0G:(DE-HGF)POF2-533$$1G:(DE-HGF)POF2-530$$2G:(DE-HGF)POF2-500$$3G:(DE-HGF)POF2$$4G:(DE-HGF)POF$$aDE-HGF$$bStruktur der Materie$$lPhysik der Hadronen und Kerne$$vExotic Nuclei and Nuclear Astrophysics (ENNA)$$x0
000052096 920__ $$lyes
000052096 9201_ $$0I:(DE-Ds200)BUD-20051214OR030$$kBUD$$lBibliothek & Dokumentation$$x0
000052096 9201_ $$0I:(DE-Ds200)Coll-FAIR-R3B$$kR3B@FAIR$$lCollaboration FAIR: R3B$$x1
000052096 9201_ $$0I:(DE-Ds200)KRA-20150901OR349$$kKRA$$lKernreaktionen$$x2
000052096 9201_ $$0I:(DE-Ds200)EEL-20051214OR032$$kEEL$$lExperimentelektronik$$x3
000052096 970__ $$aGSI-SR2012-PHN-ENNA-EXP-63
000052096 9801_ $$aGSI Scientific Report 2012
000052096 9801_ $$aGSI Scientific Report
000052096 9801_ $$aGSI Report 2013-1
000052096 9801_ $$aGSI Report
000052096 9801_ $$aFullTexts
000052096 9801_ $$aGSIasPublisher
000052096 980__ $$acontb
000052096 980__ $$aVDB
000052096 980__ $$aGSI Scientific Report 2012
000052096 980__ $$aGSI Scientific Report
000052096 980__ $$aGSI Report
000052096 980__ $$aGSI Report 2013
000052096 980__ $$aGSIasPublisher
000052096 980__ $$aUNRESTRICTED
000052096 980__ $$aintrep
000052096 980__ $$aI:(DE-Ds200)20120319OR030
000052096 980__ $$aI:(DE-Ds200)BUD-20051214OR030
000052096 980__ $$aI:(DE-Ds200)Coll-FAIR-R3B
000052096 980__ $$aI:(DE-Ds200)20110831OR108
000052096 980__ $$aI:(DE-Ds200)KRA-20150901OR349
000052096 980__ $$aI:(DE-Ds200)20121002OR032
000052096 980__ $$aI:(DE-Ds200)EEL-20051214OR032
000052096 980__ $$aFullTexts